000
00326nam a22001337a 4500
008
230619b xxu||||| |||| 00| 0 eng d
020
_a
075062311X
082
_a
004.6
_b
MCB
100
_c
Peter McBride
245
_a
The Internet for Windows 3.1 Made Simple
260
_b
p.k.McBride
_c
1995
300
_a
150p
942
_2
ddc
_c
BK
999
_c
1214
_d
1214